[Event "Winter Catalan"]
[Site "SchemingMind.com"]
[Date "2022.12.09"]
[Round "-"]
[White "Clive Everill"]
[Black "pnwmusichound"]
[Result "0-1"]
[WhiteCountry "CZE"]
[BlackCountry "USA"]
[WhiteElo "1675"]
[WhiteRD "55"]
[BlackElo "1808"]
[BlackRD "88"]
[GameID "729108"]

1. d4 Nf6 2. c4 e6 3. g3 c5 4. dxc5 Bxc5 5. Bg2 Nc6 6. Nc3 O-O 7. Bg5 h6 8. Bf4 Qb6 9. Na4 Qa5+ 10. Bd2 Bb4
11. Nc3 Qc5 12. b3 Ng4 13. e3 d5 14. cxd5 Bxc3 15. Bxc3 Qxc3+ 16. Kf1 Nb4 17. Ne2 Nxe3+ 18. fxe3 Qxe3 19. Qd4 Nc2 20. Qxe3 Nxe3+
21. Kf2 Nxg2 22. Kxg2 exd5 23. Rad1 Bg4 24. Rd2 Rad8 25. Nf4 d4 26. h3 Bf5 27. Rhd1 g5 28. Nd3 Rd6 29. Nc5 Rfd8 30. g4 Be6
31. Kg3 Rd5 32. b4 b6 33. Ne4 Kg7 34. a3 f5 35. gxf5 Bxf5 36. Nf2 Kf6 37. Ng4+ Bxg4 38. hxg4 d3 39. Rf1+ Ke5 40. Rf5+ Ke4
41. Rxd5 Rxd5 42. Kf2 Kf4 43. a4 Kxg4
0-1

[Event "Winter Catalan"]
[Site "SchemingMind.com"]
[Date "2022.12.10"]
[Round "-"]
[White "pnwmusichound"]
[Black "Clive Everill"]
[Result "1-0"]
[WhiteCountry "USA"]
[BlackCountry "CZE"]
[WhiteElo "1833"]
[WhiteRD "91"]
[BlackElo "1708"]
[BlackRD "56"]
[GameID "729109"]

1. d4 Nf6 2. c4 e6 3. g3 c5 4. d5 exd5 5. cxd5 b5 6. Bg2 d6 7. Nf3 Be7 8. O-O O-O 9. Nbd2 Nxd5 10. e4 Nb4
11. b3 Nd3 12. a4 Bd7 13. e5 Bc6 14. axb5 Bxb5 15. Nc4 Nxc1 16. Rxc1 d5 17. Ne3 Bxf1 18. Kxf1 d4 19. Nc4 Nc6 20. Nh4 Rc8
21. Qg4 Bxh4 22. gxh4 f5 23. Qf4 Nb4 24. Ra1 a6 25. Nd6 Rc7 26. e6 Nd3 27. Qg3 Nb4 28. Nf7 Qe7 29. h5 Rfc8 30. h6 g6
31. Qe5 Qf8 32. Qh8#
1-0

[Event "Winter Catalan"]
[Site "SchemingMind.com"]
[Date "2022.12.21"]
[Round "-"]
[White "Clive Everill"]
[Black "AussieMossie"]
[Result "0-1"]
[WhiteCountry "CZE"]
[BlackCountry "AUS"]
[WhiteElo "1684"]
[WhiteRD "57"]
[BlackElo "2597"]
[BlackRD "91"]
[GameID "729483"]

1. d4 Nf6 2. c4 e6 3. g3 d5 4. Nf3 Bb4+ 5. Nbd2 O-O 6. Bg2 dxc4 7. Qc2 a5 8. a3 Bxd2+ 9. Bxd2 b5 10. a4 c6
11. h4 Bb7 12. h5 h6 13. g4 Nxg4 14. Rg1 f5 15. Bh3 c5 16. Bxg4 Be4 17. Qc1 fxg4 18. Rxg4 Bxf3 19. exf3 Nc6 20. Bxh6 Ra7
21. dxc5 Ne5 22. Qg5 Nxf3+
0-1

[Event "Winter Catalan"]
[Site "SchemingMind.com"]
[Date "2022.12.21"]
[Round "-"]
[White "AussieMossie"]
[Black "Clive Everill"]
[Result "1-0"]
[WhiteCountry "AUS"]
[BlackCountry "CZE"]
[WhiteElo "2597"]
[WhiteRD "91"]
[BlackElo "1684"]
[BlackRD "57"]
[GameID "729484"]

1. d4 Nf6 2. c4 e6 3. g3 d5 4. Bg2 dxc4 5. Nf3 a6 6. O-O Nc6 7. Nc3 Rb8 8. e4 Be7 9. d5 Nb4 10. Ne5 exd5
11. Nxd5 Be6 12. Nf4 Qxd1 13. Rxd1 c3 14. bxc3 Nxa2 15. Nxe6 Nxc1 16. Nxc7+ Kf8 17. Raxc1 g6 18. Nd7+ Nxd7 19. Rxd7 Bc5 20. Rb1 a5
21. Na6 Bxf2+ 22. Kxf2 Rc8 23. Rbxb7
1-0

[Event "Winter Catalan"]
[Site "SchemingMind.com"]
[Date "2022.12.25"]
[Round "-"]
[White "pnwmusichound"]
[Black "AussieMossie"]
[Result "0-1"]
[WhiteCountry "USA"]
[BlackCountry "AUS"]
[WhiteElo "1833"]
[WhiteRD "91"]
[BlackElo "2578"]
[BlackRD "86"]
[GameID "729485"]

1. d4 Nf6 2. c4 e6 3. g3 d5 4. Bg2 Bb4+ 5. Nd2 O-O 6. a3 Be7 7. b4 a5 8. b5 Bd7 9. Ngf3 dxc4 10. a4 c3
11. Nb3 c6 12. Qd3 cxb5 13. axb5 Qb6 14. Qxc3 Bb4 15. Qxb4 axb4 16. Rxa8 Bxb5 17. Ra1 Ne4 18. O-O Nc3 19. Kh1 Bc4 20. Nc5 Nxe2
21. Ne5 Nxd4 22. Ned7 Nxd7 23. Nxd7 Qb5 24. Nxf8 Bxf1 25. Ra8 Bxg2+ 26. Kxg2 Qd5+ 27. Kh3 f6 28. Nxe6+ Kf7 29. Nf4 Qd7+ 30. g4 Qc6
31. Be3 Qf3+ 32. Kh4 g5+ 33. Kh5 gxf4 34. Bxd4 Qh3#
0-1

[Event "Winter Catalan"]
[Site "SchemingMind.com"]
[Date "2022.12.25"]
[Round "-"]
[White "AussieMossie"]
[Black "pnwmusichound"]
[Result "1-0"]
[WhiteCountry "AUS"]
[BlackCountry "USA"]
[WhiteElo "2597"]
[WhiteRD "91"]
[BlackElo "1799"]
[BlackRD "91"]
[GameID "729486"]

1. d4 Nf6 2. c4 e6 3. g3 Bb4+ 4. Bd2 Nc6 5. Bxb4 Nxb4 6. Nf3 d5 7. Bg2 Nc6 8. O-O dxc4 9. Qa4 O-O 10. Qxc4 Ne7
11. Rd1 Ned5 12. Ne5 c6 13. e4 Ne7 14. Nc3 b5 15. Qc5 Bd7 16. d5 Qc7 17. d6
1-0

[Event "Winter Catalan"]
[Site "SchemingMind.com"]
[Date "2022.12.30"]
[Round "-"]
[White "Clive Everill"]
[Black "Enri Arturo"]
[Result "0-1"]
[WhiteCountry "CZE"]
[BlackCountry "CUB"]
[WhiteElo "1675"]
[WhiteRD "55"]
[BlackElo "2529"]
[BlackRD "106"]
[GameID "729634"]

1. d4 Nf6 2. c4 e6 3. g3 Bb4+ 4. Nd2 d5 5. Bg2 O-O 6. a3 Be7 7. Ngf3 b6 8. O-O Bb7 9. cxd5 exd5 10. b4 a5
11. b5 c6 12. Qa4 cxb5 13. Qxb5 Ba6 14. Qb2 Nc6 15. Re1 Ne4 16. Nb3 a4 17. Nbd2 Re8 18. e3 Bf8 19. Ne5 Nxe5 20. dxe5 Nc5
21. Qd4 Nd3 22. Rd1 Qd7 23. Ne4 Qf5 24. Rxd3 Bxd3 25. Qxd3 Rxe5 26. f3 dxe4 27. fxe4 Qe6 28. Bb2 Rc5 29. Rd1 Rac8 30. Bd4 Rc1
31. Rxc1 Rxc1+ 32. Kf2 Qa2+ 33. Kf3 Rg1 34. Bh3 Qxh2 35. Be5 Qxh3 36. Qd4 Qf1+ 37. Kg4 Qe2+ 38. Kf4 Rf1+ 39. Kg5 h6+
0-1

[Event "Winter Catalan"]
[Site "SchemingMind.com"]
[Date "2022.12.30"]
[Round "-"]
[White "Enri Arturo"]
[Black "Clive Everill"]
[Result "1-0"]
[WhiteCountry "CUB"]
[BlackCountry "CZE"]
[WhiteElo "2544"]
[WhiteRD "109"]
[BlackElo "1708"]
[BlackRD "56"]
[GameID "729635"]

1. d4 Nf6 2. c4 e6 3. g3 d5 4. Bg2 Be7 5. Nf3 O-O 6. O-O dxc4 7. Qc2 a6 8. a4 Qd5 9. Nbd2 c5 10. Nxc4 Qd8
11. Rd1 Nc6 12. dxc5 Qe8 13. Nb6 Rb8 14. Bf4 e5 15. Nxe5 Bd7 16. Nexd7 Nxd7 17. Nxd7 Rd8 18. Nxf8 Rxd1+ 19. Rxd1 Qxf8 20. Bxc6 bxc6
21. Bd6
1-0

[Event "Winter Catalan"]
[Site "SchemingMind.com"]
[Date "2022.12.28"]
[Round "-"]
[White "pnwmusichound"]
[Black "Enri Arturo"]
[Result "0-1"]
[WhiteCountry "USA"]
[BlackCountry "CUB"]
[WhiteElo "1808"]
[WhiteRD "88"]
[BlackElo "2529"]
[BlackRD "106"]
[GameID "729636"]

1. d4 Nf6 2. c4 e6 3. g3 Bb4+ 4. Nd2 O-O 5. Nf3 d5 6. a3 Be7 7. Qc2 b6 8. Bg2 Bb7 9. O-O Nbd7 10. b4 dxc4
11. Nxc4 c5 12. dxc5 bxc5 13. bxc5 Rc8 14. Rd1 Bxc5 15. Rb1 Be4 16. Qa2 Bxb1 17. Qxb1 Bxf2+ 18. Kxf2 Rxc4 19. Bg5 Qc7 20. Qd3 Rc3
21. Qd4 Rc4 22. Qd3 h6 23. Bxf6 Nxf6 24. e3 Ng4+ 25. Kf1 Rc3
0-1

[Event "Winter Catalan"]
[Site "SchemingMind.com"]
[Date "2022.12.28"]
[Round "-"]
[White "Enri Arturo"]
[Black "pnwmusichound"]
[Result "1-0"]
[WhiteCountry "CUB"]
[BlackCountry "USA"]
[WhiteElo "2544"]
[WhiteRD "109"]
[BlackElo "1833"]
[BlackRD "91"]
[GameID "729637"]

1. d4 Nf6 2. c4 e6 3. g3 c5 4. d5 exd5 5. cxd5 d6 6. Nf3 b5 7. e4 a6 8. a4 Nxe4 9. axb5 Be7 10. Bd3 f5
11. O-O O-O 12. Nc3 Nxc3 13. bxc3 Qd7 14. Bf4 Bf6 15. Qc2 Be5 16. Bxe5 dxe5 17. Nxe5 Qxd5 18. Bc4
1-0

[Event "Winter Catalan"]
[Site "SchemingMind.com"]
[Date "2022.12.28"]
[Round "-"]
[White "AussieMossie"]
[Black "Enri Arturo"]
[Result "1/2-1/2"]
[WhiteCountry "AUS"]
[BlackCountry "CUB"]
[WhiteElo "2542"]
[WhiteRD "85"]
[BlackElo "2527"]
[BlackRD "96"]
[GameID "729638"]

1. d4 Nf6 2. c4 e6 3. g3 Bb4+ 4. Bd2 Be7 5. Bg2 O-O 6. Qc2 d5 7. Nf3 c6 8. O-O b6 9. Ne5 Bb7 10. Rd1 Nbd7
11. cxd5 cxd5 12. Nc6 Qe8 13. Bf4 h6 14. Nxe7+ Qxe7 15. Nc3 Rfc8 16. Rac1 Nf8 17. Bd2 a5 18. b3 b5 19. Qd3 b4 20. Na4 Rxc1
21. Rxc1 Ba6 22. Qc2 Rc8 23. Qd1 Rxc1 24. Bxc1 Bb5 25. Nc5 N8d7 26. Nxd7 Qxd7 27. Qc2 Qa7 28. Qc8+ Kh7 29. Qc2+ Kh8=
1/2-1/2

[Event "Winter Catalan"]
[Site "SchemingMind.com"]
[Date "2022.12.28"]
[Round "-"]
[White "Enri Arturo"]
[Black "AussieMossie"]
[Result "1-0"]
[WhiteCountry "CUB"]
[BlackCountry "AUS"]
[WhiteElo "2567"]
[WhiteRD "104"]
[BlackElo "2500"]
[BlackRD "88"]
[GameID "729639"]

1. d4 Nf6 2. c4 e6 3. g3 d5 4. Nf3 c6 5. Bg2 dxc4 6. Ne5 Bb4+ 7. Bd2 Qxd4 8. Bxb4 Qxe5 9. Na3 b5 10. Bd6 Qxb2
11. O-O Nd5 12. e4 Nc3 13. Qh5 h6 14. e5 a6 15. Bf3 Nd5 16. Qg4 g6 17. Rac1 Qd2 18. Nxc4 bxc4 19. Qxc4 Qg5 20. Rb1 Qd8
21. Bxb8 O-O 22. Bd6 Re8 23. h4 a5 24. Qxc6 Bd7 25. Qc1 Kg7 26. Qb2 Kh7 27. Qd2 Kg7 28. Rfc1 Rc8 29. Rb7 Rxc1+ 30. Qxc1 Bc8
31. Rb8 Qd7 32. Qc5 Bb7 33. Bf8+ Kg8 34. Rxe8 Qxe8 35. Bxh6 a4 36. a3 Kh7 37. Bg5 Kg8 38. g4 Qc8 39. Qxc8+ Bxc8 40. Kf1 Nc3
41. Ke1 Bd7 42. Be3 Bb5 43. Bd4 Nd5 44. Kd1 Bc6 45. Ke1 Kh7 46. Kd2 Bb5 47. Be2 Bc6 48. Be3 Kg7 49. Bd1 Bb5 50. Bg5 Kh7
51. h5 Kh8 52. h6 Kh7 53. Be2 Bd7 54. Bd3 Bc6 55. Bc2 Bb5 56. Bd3 Bc6 57. Be2 Kg8 58. Bd8 Be8 59. g5 Bc6 60. Ba6 Kh7
61. Kd3 Nf4+ 62. Kc4 Bd5+ 63. Kb4 Bb3 64. Bb5 Nd5+ 65. Ka5 Nc3 66. Be8 Kg8 67. Be7 Bc2 68. Bb4 Ne2 69. Bxa4 Bf5 70. Bc6 Nf4
71. Kb6
1-0

[Event "Winter Catalan"]
[Site "SchemingMind.com"]
[Date "2023.01.01"]
[Round "-"]
[White "Clive Everill"]
[Black "maro"]
[Result "1-0"]
[WhiteCountry "CZE"]
[BlackCountry "MEX"]
[WhiteElo "1708"]
[WhiteRD "56"]
[BlackElo "1375"]
[BlackRD "67"]
[GameID "729691"]

1. d4 Nf6 2. c4 e6 3. g3 b6 4. Bg2 c6 5. e4 d6 6. Bg5 Be7 7. Nc3 h6 8. Bd2 Ba6 9. b3 b5 10. cxb5 Bxb5
11. Nxb5 cxb5 12. e5 Nd5 13. Ne2 dxe5 14. dxe5 Nc6 15. O-O O-O 16. Nc3 Ba3 17. Nxb5 Bb2 18. Rb1 Bxe5 19. Kh1 a6 20. Na3 Qe7
21. Nc4 Rad8 22. Qe2 Bc3 23. Rbd1 Qf6 24. Bc1 Nd4 25. Qe5 Nc6 26. Qxf6 Bxf6 27. Ba3 Be7 28. Bb2 f5 29. Rfe1 f4 30. Rxe6 f3
31. Bh3 Bc5 32. Rxc6 Bxf2 33. Be6+ Kh8 34. Rxd5 Rxd5 35. Bxd5 Re8 36. Bxf3 Re1+ 37. Kg2 Ba7 38. Rc7 Bb8 39. Rxg7
1-0

[Event "Winter Catalan"]
[Site "SchemingMind.com"]
[Date "2023.01.01"]
[Round "-"]
[White "maro"]
[Black "Clive Everill"]
[Result "0-1"]
[WhiteCountry "MEX"]
[BlackCountry "CZE"]
[WhiteElo "1375"]
[WhiteRD "67"]
[BlackElo "1708"]
[BlackRD "56"]
[GameID "729692"]

1. d4 Nf6 2. c4 e6 3. g3 c5 4. Nc3 Nc6 5. d5 exd5 6. cxd5 Ne5 7. Bg2 d6 8. Nf3 Ng6 9. Bg5 Be7 10. O-O O-O
11. Qc2 b5 12. a3 Bb7 13. e4 a6 14. Rfe1 Ng4 15. Bxe7 Nxe7 16. Bh3 Nf6 17. Rad1 Qc7 18. Ne2 Nc8 19. Nf4 Nb6 20. e5 dxe5
21. Nxe5 Nbxd5 22. Qc1 c4 23. Bg2 Nxf4 24. Bxb7 Qxb7 25. Qxf4 Rfe8 26. Rd7 Nxd7 27. Qxf7+ Kh8 28. Ng6+ hxg6 29. Rxe8+ Rxe8 30. Qxe8+ Kh7
31. Qd8 Nf6 32. h4 Qd7 33. Qa8 Ng4 34. Qf3 Qf5
0-1

[Event "Winter Catalan"]
[Site "SchemingMind.com"]
[Date "2023.01.01"]
[Round "-"]
[White "maro"]
[Black "pnwmusichound"]
[Result "0-1"]
[WhiteCountry "MEX"]
[BlackCountry "USA"]
[WhiteElo "1358"]
[WhiteRD "72"]
[BlackElo "1808"]
[BlackRD "88"]
[GameID "729693"]

1. d4 Nf6 2. c4 e6 3. g3 c5 4. Nc3 cxd4 5. Qxd4 Nc6 6. Qd1 d5 7. a3 dxc4 8. e3 Qxd1+ 9. Nxd1 b5 10. Bg2 Bb7
11. Ne2 Be7 12. Ndc3 a6 13. O-O O-O 14. b4 h6 15. Bb2 Rfd8 16. Ne4 Nxe4 17. Bxe4 Rd2 18. Bc3 Rxe2 19. Bf3 Rc2 20. Rac1 Rxc1
21. Rxc1 Rd8 22. Kg2 Rd7 23. h4 f5 24. Bh5 Nxb4+ 25. Kh3 Na2 26. Rc2 Nxc3 27. Rxc3 Rd2
0-1

[Event "Winter Catalan"]
[Site "SchemingMind.com"]
[Date "2023.01.01"]
[Round "-"]
[White "pnwmusichound"]
[Black "maro"]
[Result "1-0"]
[WhiteCountry "USA"]
[BlackCountry "MEX"]
[WhiteElo "1808"]
[WhiteRD "88"]
[BlackElo "1358"]
[BlackRD "72"]
[GameID "729694"]

1. d4 Nf6 2. c4 e6 3. g3 c5 4. d5 exd5 5. cxd5 d6 6. Bg2 Na6 7. Nc3 b5 8. Nxb5 Bb7 9. e4 Qb6 10. Qa4 O-O-O
11. Bd2 Nb4 12. Bxb4 cxb4 13. Nxa7+ Kb8 14. Nc6+ Bxc6 15. dxc6 d5 16. Rc1 Ng4 17. c7+ Kc8 18. Qa8+ Kd7 19. Qxd8+ Ke6 20. c8=Q+ Ke5
21. Qxd5+
1-0

[Event "Winter Catalan"]
[Site "SchemingMind.com"]
[Date "2023.01.01"]
[Round "-"]
[White "maro"]
[Black "AussieMossie"]
[Result "0-1"]
[WhiteCountry "MEX"]
[BlackCountry "AUS"]
[WhiteElo "1445"]
[WhiteRD "68"]
[BlackElo "2597"]
[BlackRD "91"]
[GameID "729695"]

1. d4 Nf6 2. c4 e6 3. g3 d5 4. c5 b6 5. e3 bxc5 6. dxc5 Bxc5 7. Bg2 O-O 8. Nc3 Nbd7 9. Nf3 Ba6 10. a4 Bb4
11. Bd2 Rb8 12. Nd4 Ne5 13. f4 Nd3+
0-1

[Event "Winter Catalan"]
[Site "SchemingMind.com"]
[Date "2023.01.01"]
[Round "-"]
[White "AussieMossie"]
[Black "maro"]
[Result "1-0"]
[WhiteCountry "AUS"]
[BlackCountry "MEX"]
[WhiteElo "2597"]
[WhiteRD "91"]
[BlackElo "1445"]
[BlackRD "68"]
[GameID "729696"]

1. d4 Nf6 2. c4 e6 3. g3 c5 4. d5 exd5 5. cxd5 Bd6 6. Nc3 O-O 7. Nf3 a6 8. Bg2 b5 9. O-O b4 10. Na4 Bb7
11. Bg5 h6 12. Bxf6 Qxf6 13. e4 a5 14. Re1 Be5 15. Nxe5 Qxe5 16. Nxc5 Ba6 17. Qd2 d6 18. Nb3 Nd7 19. Nxa5 Nf6 20. Nc6 Qh5
21. Qxb4 Ng4 22. h3 Ne5 23. Qxd6 Nd3 24. Re3 f5 25. exf5 Qxf5 26. Ne7+
1-0

[Event "Winter Catalan"]
[Site "SchemingMind.com"]
[Date "2023.01.01"]
[Round "-"]
[White "maro"]
[Black "Enri Arturo"]
[Result "0-1"]
[WhiteCountry "MEX"]
[BlackCountry "CUB"]
[WhiteElo "1377"]
[WhiteRD "71"]
[BlackElo "2523"]
[BlackRD "102"]
[GameID "729697"]

1. d4 Nf6 2. c4 e6 3. g3 Bb4+ 4. Bd2 Be7 5. e4 Nxe4 6. Nc3 Nxd2 7. Qxd2 O-O 8. a3 Nc6 9. Nf3 d5 10. c5 b6
11. Bb5 Na5 12. Qc2 bxc5 13. dxc5 Bxc5 14. O-O Qf6 15. Qd3 Bd6 16. Ba4 Nc4 17. Rab1 Rb8 18. h4 Nxb2 19. Rxb2 Rxb2 20. Nd1 Ra2
21. Ng5 g6 22. Ne3 Rxa3 23. Qc2 Ba6 24. Ng4 Rxg3+ 25. fxg3 Qxf1+ 26. Kh2 Be2 27. Nh6+ Kg7 28. Qc3+ Kxh6 29. Qe3 Kg7 30. Qd4+ e5
31. Qxd5 h6 32. Ne4 Bf3
0-1

[Event "Winter Catalan"]
[Site "SchemingMind.com"]
[Date "2023.01.01"]
[Round "-"]
[White "Enri Arturo"]
[Black "maro"]
[Result "1-0"]
[WhiteCountry "CUB"]
[BlackCountry "MEX"]
[WhiteElo "2529"]
[WhiteRD "106"]
[BlackElo "1358"]
[BlackRD "72"]
[GameID "729698"]

1. d4 Nf6 2. c4 e6 3. g3 Bb4+ 4. Bd2 Nc6 5. Bxb4 Nxb4 6. Bg2 d5 7. Nf3 dxc4 8. Na3 Qd5 9. O-O O-O 10. Ne5 Qd6
11. Naxc4 Qe7 12. Qb3 c6 13. Rfd1 Nbd5 14. e4 Nb4 15. Qc3 Na6 16. Na5 Nc7 17. Rac1 Nb5 18. Nexc6 bxc6 19. Nxc6 Qb7 20. Qc5 Nd7
21. Qc2 Nf6 22. a4 Nd6 23. e5 Nde4 24. exf6 Nxf6 25. Qc5 Kh8 26. Qxf8+ Ng8 27. Nd8
1-0

[Event "Winter Catalan"]
[Site "SchemingMind.com"]
[Date "2023.01.02"]
[Round "-"]
[White "pawngrabber"]
[Black "Clive Everill"]
[Result "1-0"]
[WhiteCountry "ENG"]
[BlackCountry "CZE"]
[WhiteElo "1809"]
[WhiteRD "94"]
[BlackElo "1684"]
[BlackRD "57"]
[GameID "729713"]

1. d4 Nf6 2. c4 e6 3. g3 c5 4. Nf3 cxd4 5. Nxd4 d5 6. cxd5 Qxd5 7. Nf3 Qxd1+ 8. Kxd1 Bc5 9. e3 Nc6 10. Bg2 O-O
11. Ke2 b6 12. Rd1 Ne4 13. Nbd2 Ba6+ 14. Ke1 Nxd2 15. Bxd2 Rad8 16. Bc3 Bb4 17. Rac1 Bxc3+ 18. bxc3 Bc4 19. Nd4 Ne5 20. Bf1 Rxd4
21. Rxd4 Nf3+ 22. Kd1 Bxf1 23. Rd7 a6 24. Rb1 b5 25. Kc2 Nxh2 26. Ra7 Bc4 27. Rxa6 Ng4 28. Rb4 Nxf2 29. Rd6 Ne4 30. Rd4 Nxg3
31. a4 Ne2 32. Rd7 h5 33. axb5 Bd5 34. b6 Rb8 35. b7 Ng3 36. Rc7 Bxb7 37. Rbxb7 Rxb7 38. Rxb7 Nf5 39. c4 h4 40. c5 Nxe3+
41. Kd3 Nd5 42. Ke2 g5 43. Kf3 f5 44. c6 g4+ 45. Kf2 f4 46. Rb4 g3+ 47. Kg1 e5 48. Rb5 Nc7 49. Rxe5 f3 50. Rh5 f2+
51. Kf1 Kf8 52. Rxh4 Ke7 53. Rd4 Ne6 54. Rd7+ Ke8 55. Rd3 g2+ 56. Kxf2 Ke7 57. Rd7+ Ke8 58. Kxg2 Nc5 59. Rd5 Na6 60. Rd4 Nc7
61. Kf3 Ke7 62. Rd7+ Ke6 63. Rxc7 Kd6 64. Rc8 Kd5 65. c7 Kc6 66. Rh8 Kxc7 67. Rh6 Kd7 68. Ke4 Ke7 69. Ke5 Kd7 70. Rg6 Kc7
71. Kd5 Kb7 72. Kc5 Ka7 73. Kb5 Kb7 74. Rg7+ Kc8 75. Kc6 Kd8 76. Kd6 Ke8 77. Ra7 Kf8 78. Ke6 Kg8 79. Kf6
1-0

[Event "Winter Catalan"]
[Site "SchemingMind.com"]
[Date "2023.01.02"]
[Round "-"]
[White "Clive Everill"]
[Black "pawngrabber"]
[Result "1-0"]
[WhiteCountry "CZE"]
[BlackCountry "ENG"]
[WhiteElo "1684"]
[WhiteRD "57"]
[BlackElo "1809"]
[BlackRD "94"]
[GameID "729714"]

1. d4 Nf6 2. c4 e6 3. g3 Bb4+ 4. Nc3 c5 5. Nf3 Nc6 6. Bg2 Ne4 7. Bd2 Nxd2 8. Qxd2 cxd4 9. Nxd4 Nxd4 10. Qxd4 O-O
11. O-O Rb8 12. Qxa7 Qc7 13. Nb5 Bc5 14. Nxc7 Bxa7 15. Nb5 Bc5 16. Rab1 Be7 17. b4 Rd8 18. Rfd1 b6 19. Nd4 Ba6 20. b5 Bb7
21. Bxb7 Rxb7 22. a4 Ra7 23. Ra1 Bc5 24. Nc6
1-0

[Event "Winter Catalan"]
[Site "SchemingMind.com"]
[Date "2023.01.02"]
[Round "-"]
[White "pawngrabber"]
[Black "maro"]
[Result "1-0"]
[WhiteCountry "ENG"]
[BlackCountry "MEX"]
[WhiteElo "1809"]
[WhiteRD "94"]
[BlackElo "1445"]
[BlackRD "68"]
[GameID "729715"]

1. d4 Nf6 2. c4 e6 3. g3 d5 4. Nf3 dxc4 5. Qa4+ Nc6 6. Qxc4 Bb4+ 7. Bd2 Bxd2+ 8. Nbxd2 Nd5 9. Bg2 Na5 10. Qb5+ Nc6
11. Ne5 O-O 12. Nxc6 bxc6 13. Qxc6 Bd7 14. Qc5 c6 15. O-O Bc8 16. e4 Nf6 17. Nb3 Ba6 18. Rfd1 Be2 19. Re1 Bd3 20. Rad1 Bb5
21. Qc3 Ng4 22. h3 Nf6 23. Nc5 Rb8 24. a4 Bxa4 25. Nxa4 Qe7 26. Qxc6 Rfc8 27. Qa6 Ne8 28. Qe2 Nd6 29. Nc5 Rb6 30. Rc1 Rcb8
31. Rc2 Nb5 32. Qd2 Rd8 33. d5 exd5 34. exd5 Qd6 35. Na4 Rbb8 36. Qa5 Nd4 37. Rc7 Re8 38. Rxe8+ Rxe8 39. Rxa7 Ne2+ 40. Kh2 g6
41. Ra8 Kf8 42. Rxe8+ Kxe8 43. Qe1 Qa6 44. Nc3
1-0

[Event "Winter Catalan"]
[Site "SchemingMind.com"]
[Date "2023.01.02"]
[Round "-"]
[White "maro"]
[Black "pawngrabber"]
[Result "0-1"]
[WhiteCountry "MEX"]
[BlackCountry "ENG"]
[WhiteElo "1445"]
[WhiteRD "68"]
[BlackElo "1809"]
[BlackRD "94"]
[GameID "729716"]

1. d4 Nf6 2. c4 e6 3. g3 d5 4. Nf3 Bb4+ 5. Bd2 Bxd2+ 6. Nbxd2 O-O 7. Qc2 Nbd7 8. e4 dxe4 9. Nxe4 Nxe4 10. Qxe4 Nf6
11. Qc2 c5 12. O-O-O cxd4 13. Rxd4 Qa5 14. Bg2 Qxa2 15. Rhd1 Qa1+ 16. Qb1 Qa5 17. b4 Qc7 18. Ng5 e5 19. Rd6 Qxc4+ 20. Kd2 Be6
21. Nxe6 fxe6 22. Bh3 Ne4+ 23. Ke1 Nxd6 24. Rxd6 Qc3+ 25. Kf1 Qf3 26. Bxe6+ Kh8 27. Bd5 Qxf2#
0-1

[Event "Winter Catalan"]
[Site "SchemingMind.com"]
[Date "2023.01.02"]
[Round "-"]
[White "pawngrabber"]
[Black "pnwmusichound"]
[Result "1-0"]
[WhiteCountry "ENG"]
[BlackCountry "USA"]
[WhiteElo "1774"]
[WhiteRD "69"]
[BlackElo "1808"]
[BlackRD "88"]
[GameID "729717"]

1. d4 Nf6 2. c4 e6 3. g3 d6 4. Nf3 c5 5. d5 b5 6. b3 bxc4 7. bxc4 exd5 8. cxd5 Be7 9. Nc3 O-O 10. Bg2 Nbd7
11. O-O Rb8 12. e4 h6 13. Nh4 Nh7 14. Nf5 Ng5 15. Nxe7+ Qxe7 16. f4 Nh7 17. a3 f5 18. exf5 Rxf5 19. Bh3 Rf8 20. Re1 Qf6
21. Be6+ Kh8 22. Qc2 c4 23. Be3 Rb3 24. Ne4 Qb2 25. Qxb2 Rxb2 26. Nxd6 Nb6 27. Nxc8 Nxc8 28. Bc5 Rd8 29. Rec1 Nb6 30. Bxb6 axb6
31. Rxc4 Nf6 32. Rb4 Rxb4 33. axb4 Kh7 34. b5 g5 35. f5 Kg7 36. h3 Ne4 37. Ra3 Kf6 38. g4 Nc5 39. Ra7 Nxe6 40. dxe6 Re8
41. Rf7+ Ke5 42. e7 Kd6 43. f6 Ke6 44. Rf8
1-0

[Event "Winter Catalan"]
[Site "SchemingMind.com"]
[Date "2023.01.02"]
[Round "-"]
[White "pnwmusichound"]
[Black "pawngrabber"]
[Result "1-0"]
[WhiteCountry "USA"]
[BlackCountry "ENG"]
[WhiteElo "1833"]
[WhiteRD "91"]
[BlackElo "1745"]
[BlackRD "81"]
[GameID "729718"]

1. d4 Nf6 2. c4 e6 3. g3 c5 4. dxc5 Bxc5 5. Bg2 d6 6. Nf3 O-O 7. O-O Bd7 8. Nbd2 Bc6 9. b3 Nbd7 10. Qc2 Rc8
11. Bb2 d5 12. e3 dxc4 13. bxc4 Qe7 14. h4 a6 15. Rad1 Ng4 16. Ng5 Ngf6 17. Bxc6 Rxc6 18. Ndf3 Bd6 19. e4 e5 20. a4 h6
21. Nh3 Rfc8 22. Qb3 Nc5 23. Qc2 Nfxe4 24. Rfe1 f5 25. Kg2 Nd7 26. Nd2 Nxd2 27. Qxd2 Nc5 28. Qd5+ Kh8 29. Bxe5 Bxe5 30. Rxe5 Qc7
31. Rxf5 Nxa4 32. Rf7 Qb8 33. Qf5 Rg8 34. Nf4 Rc5 35. Ng6+
1-0

[Event "Winter Catalan"]
[Site "SchemingMind.com"]
[Date "2022.12.28"]
[Round "-"]
[White "pawngrabber"]
[Black "AussieMossie"]
[Result "0-1"]
[WhiteCountry "ENG"]
[BlackCountry "AUS"]
[WhiteElo "1809"]
[WhiteRD "94"]
[BlackElo "2597"]
[BlackRD "91"]
[GameID "729719"]

1. d4 Nf6 2. c4 e6 3. g3 d5 4. cxd5 exd5 5. Bg2 c6 6. Nf3 Bd6 7. O-O O-O 8. Nc3 Re8 9. Bg5 Nbd7 10. a3 h6
11. Bd2 Ne4 12. Nxe4 dxe4 13. Nh4 Nb6 14. Bh1 Be7 15. Ng2 Qxd4 16. Bc3 Qxd1 17. Raxd1 Na4 18. Bd2 Nxb2 19. Rb1 Nc4 20. Bc1 Bxa3
21. Bxa3 Nxa3 22. Rbd1 a5 23. e3 b5 24. Rd6 b4 25. Rxc6 b3 26. Rb6 Nc4 27. Rb5 Nd2 28. Rc1 Nf3+ 29. Kf1 Ba6
0-1

[Event "Winter Catalan"]
[Site "SchemingMind.com"]
[Date "2022.12.28"]
[Round "-"]
[White "AussieMossie"]
[Black "pawngrabber"]
[Result "1-0"]
[WhiteCountry "AUS"]
[BlackCountry "ENG"]
[WhiteElo "2597"]
[WhiteRD "91"]
[BlackElo "1809"]
[BlackRD "94"]
[GameID "729720"]

1. d4 Nf6 2. c4 e6 3. g3 c5 4. d5 exd5 5. cxd5 d6 6. Nc3 Be7 7. Nf3 O-O 8. Bg2 Nbd7 9. a4 b6 10. O-O Bb7
11. Re1 Re8 12. e4 Ng4 13. Nd2 Nge5 14. Bf1 a6 15. f4 Ng6 16. Nc4 b5 17. axb5 axb5 18. Rxa8 Qxa8 19. Nxb5 Bd8 20. Nbxd6 Rf8
21. Nxb7 Qxb7 22. d6 Re8 23. e5 Qb4 24. Bd2 Qb8 25. Qa4 Ngf8 26. Bc3 Re6 27. f5 Re8 28. e6 fxe6 29. fxe6
1-0

[Event "Winter Catalan"]
[Site "SchemingMind.com"]
[Date "2022.12.29"]
[Round "-"]
[White "pawngrabber"]
[Black "Enri Arturo"]
[Result "0-1"]
[WhiteCountry "ENG"]
[BlackCountry "CUB"]
[WhiteElo "1745"]
[WhiteRD "81"]
[BlackElo "2544"]
[BlackRD "109"]
[GameID "729721"]

1. d4 Nf6 2. c4 e6 3. g3 Be7 4. Bg2 d5 5. Nf3 O-O 6. cxd5 exd5 7. O-O Nbd7 8. Nc3 c6 9. Re1 h6 10. Bd2 Ne4
11. Bf4 a5 12. Nd2 f5 13. f3 Nxd2 14. Qxd2 g5 15. Be3 Nb6 16. b3 Bb4 17. Qc1 f4 18. Bd2 fxg3 19. hxg3 Qc7 20. Kf2 Bd6
21. f4 gxf4 22. gxf4 Bxf4 23. Kg1 Bh2+ 24. Kh1 Qg3 25. Rf1 Rxf1+ 26. Qxf1 Qh4
0-1

[Event "Winter Catalan"]
[Site "SchemingMind.com"]
[Date "2022.12.28"]
[Round "-"]
[White "Enri Arturo"]
[Black "pawngrabber"]
[Result "1-0"]
[WhiteCountry "CUB"]
[BlackCountry "ENG"]
[WhiteElo "2544"]
[WhiteRD "109"]
[BlackElo "1745"]
[BlackRD "81"]
[GameID "729722"]

1. d4 Nf6 2. c4 e6 3. g3 d5 4. Bg2 Be7 5. Qb3 c6 6. Nf3 O-O 7. O-O Nbd7 8. Rd1 dxc4 9. Qxc4 Nb6 10. Qc2 Bd7
11. Nc3 Nbd5 12. e4 Nxc3 13. bxc3 c5 14. c4 cxd4 15. e5 Ne8 16. Nxd4 Qc7 17. Be3 Rb8 18. c5 Bc6 19. Nxc6 bxc6 20. Qa4 Rb5
21. Rac1 Ra5 22. Qb3 h6 23. a4 Kh7 24. Bd2 g6 25. Bxa5 Qxa5 26. Bxc6
1-0